Sociedades anónimas y valores: compendio de la legislación y jurisprudencia
Պահպանված է:
| Հիմնական հեղինակներ: | , |
|---|---|
| Ձևաչափ: | Գիրք |
| Լեզու: | իսպաներեն |
| Հրապարակվել է: |
Santiago
Jurídica de Chile
1990
|
| Հրատարակություն: | 3a. ed |
| Խորագրեր: | |
| Ցուցիչներ: |
Ավելացրեք ցուցիչ
Չկան պիտակներ, Եղեք առաջինը, ով նշում է այս գրառումը!
|
MARC
| LEADER | 00000nam a2200000 a 4500 | ||
|---|---|---|---|
| 001 | UCV2627 | ||
| 003 | CL-VaPUC | ||
| 008 | 920914e19900000CL |||||||||||||||||spa|d | ||
| 082 | 0 | 4 | |a 346.066 |b CAS |2 21 |
| 100 | 0 | |a Castro Ossandón, Hernán |e author |9 296895 | |
| 700 | 0 | |a Urzúa Ramírez, Carlos Fernando |e author |9 296896 | |
| 245 | 1 | 0 | |a Sociedades anónimas y valores: compendio de la legislación y jurisprudencia |
| 246 | 1 | 0 | |a Ley 18.046 |
| 246 | 1 | 0 | |a Ley 18.045 |
| 246 | 1 | 0 | |a Ley sobre sociedades anónimas |
| 246 | 1 | 0 | |a Reglamento de sociedades anónimas |
| 246 | 1 | 0 | |a Ley de mercado de valores |
| 246 | 1 | 0 | |a Decreto ley 3.538 |
| 250 | |a 3a. ed | ||
| 300 | |a 353 p | ||
| 942 | |c BK | ||
| 945 | |d 19920914 00:00:00 | ||
| 260 | |a Santiago |b Jurídica de Chile |c 1990 | ||
| 650 | 0 | |a Sociedades anónimas |9 255387 | |
| 650 | 0 | |a Derecho y legislación |9 255077 | |
| 650 | 0 | |a Valores |x Economía |9 258083 | |
| 651 | 7 | |a CHILE |2 CL-VaPUC |9 296897 | |
| 583 | |a last modification |c 19920914 00:00:00 |k Rodrigo Vera | ||
| 999 | |c 210143 |d 210141 | ||
| 952 | |0 0 |1 0 |4 0 |6 346_066000000000000_CAS_1990 |7 0 |8 A |9 186185 |a BIBDER |b BIBDER |d 2019-11-14 |i 2536587 |o 346.066 CAS 1990 |p 2536587 |r 2023-01-25 |w 2019-11-14 |y BK |k DER | ||